[Event "Bosnjaci op 18th"]
[Site "Bosnjaci"]
[Date "2013.01.04"]
[Round "2"]
[White "Vincze, Robert"]
[Black "Jakic, Ivan"]
[Result "0-1"]
[WhiteElo "2102"]
[BlackElo "2416"]
[PlyCount "50"]
[EventDate "2013.01.03"]
[EventType "swiss"]
[EventRounds "9"]
[EventCountry "CRO"]
[SourceTitle "CBM 152 Extra"]
[Source "ChessBase"]
[SourceDate "2013.02.25"]
[SourceVersion "1"]
[SourceVersionDate "2013.02.25"]
[SourceQuality "1"]

1. e4 c5 2. f4 d5 3. exd5 Nf6 4. Bb5+ Bd7 5. Bxd7+ Qxd7 6. c4 e6 7. dxe6 fxe6 8. Nf3 Nc6 9. 0-0 Bd6 10. d3 0-0 11. Nc3 e5 12. Ng5 Nd4 13. fxe5 Bxe5 14. Bf4 Ng4 15. Bxe5 Rxf1+ 16. Qxf1 Nxe5 17. Qf4 Nxd3 18. Qe4 Qf5 19. Qxf5 Nxf5 20. b3 Rf8 21. Nd5 Nd4 22. Nc3 Re8 23. Rd1 Nb4 24. Nge4 Nxa2 25. Nxc5 Nxc3 0-1

[Event "HUN-chT2 Szechenyi 1112"]
[Site "Hungary"]
[Date "2012.03.25"]
[Round "8.4"]
[White "Horvath, Reka"]
[Black "Vincze, Robert"]
[Result "0-1"]
[WhiteElo "2023"]
[BlackElo "2132"]
[PlyCount "78"]
[EventDate "2011.09.25"]
[EventType "team-tourn"]
[EventRounds "11"]
[EventCountry "HUN"]
[SourceTitle "EXT 2013"]
[Source "ChessBase"]
[SourceDate "2012.11.22"]
[SourceVersion "1"]
[SourceVersionDate "2012.11.22"]
[SourceQuality "1"]
[WhiteTeam "Haladas"]
[BlackTeam "Lovo"]
[WhiteTeamCountry "HUN"]
[BlackTeamCountry "HUN"]

1. Nf3 d5 2. g3 Nf6 3. Bg2 Nbd7 4. c4 dxc4 5. Na3 g6 6. Nxc4 Bg7 7. 0-0 0-0 8. d3 c6 9. Rb1 Nd5 10. a3 N7b6 11. Qc2 Bg4 12. Nce5 Be6 13. b4 Rc8 14. Bb2 Qc7 15. Rfc1 f6 16. Nc4 Nxc4 17. Qxc4 Qd7 18. Qd4 Nb6 19. Ba1 Bd5 20. Qh4 e5 21. e4 Be6 22. g4 Bxg4 23. d4 Bxf3 24. Bxf3 exd4 25. Rd1 d3 26. Be2 d2 27. Rb3 Qe6 28. Rh3 h6 29. Bg4 Qxe4 30. Re3 Qc2 31. Rc3 Qe4 32. Re3 Qc2 33. Rc3 Qa4 34. Be6+ Kh7 35. Rxd2 Rce8 36. Re3 Nd5 37. Qh3 Nxe3 38. fxe3 Qxa3 39. Bb2 Qxb4 0-1

[Event "Zalakaros op 30th"]
[Site "Zalakaros"]
[Date "2011.05.27"]
[Round "8"]
[White "Djurovic, Goran"]
[Black "Vincze, Robert"]
[Result "1-0"]
[WhiteElo "2371"]
[BlackElo "2121"]
[PlyCount "67"]
[EventDate "2011.05.20"]
[EventType "swiss"]
[EventRounds "9"]
[EventCountry "HUN"]
[SourceTitle "CBM 142 Extra"]
[Source "ChessBase"]
[SourceDate "2011.06.27"]
[SourceVersion "1"]
[SourceVersionDate "2011.06.27"]
[SourceQuality "1"]

1. e4 c5 2. Nf3 a6 3. c3 d5 4. exd5 Qxd5 5. d4 Bg4 6. dxc5 Qxd1+ 7. Kxd1 e5 8. b4 Nc6 9. Kc2 f6 10. Nbd2 Nge7 11. a3 0-0-0 12. Kb2 Nd5 13. Nc4 Be7 14. Nfd2 Bf5 15. Nb3 Kc7 16. Be2 g5 17. g3 h5 18. h4 Bg6 19. a4 gxh4 20. b5 Nb8 21. Rxh4 Nd7 22. Ne3 Nxc5 23. Rc4 b6 24. Nxd5+ Rxd5 25. Be3 Kb8 26. Nxc5 Bxc5 27. Bf3 e4 28. Bf4+ Kb7 29. Rxe4 axb5 30. Re6 Rhd8 31. Rxf6 Be8 32. axb5 Bxb5 33. Rf7+ Kc6 34. Rc7# 1-0

[Event "Zalakaros op 30th"]
[Site "Zalakaros"]
[Date "2011.05.22"]
[Round "3"]
[White "Vincze, Robert"]
[Black "Egri, Laszlo Jr"]
[Result "0-1"]
[WhiteElo "2121"]
[BlackElo "2024"]
[PlyCount "98"]
[EventDate "2011.05.20"]
[EventType "swiss"]
[EventRounds "9"]
[EventCountry "HUN"]
[SourceTitle "CBM 142 Extra"]
[Source "ChessBase"]
[SourceDate "2011.06.27"]
[SourceVersion "1"]
[SourceVersionDate "2011.06.27"]
[SourceQuality "1"]

1. c4 e5 2. Nc3 Nc6 3. d3 g6 4. g3 Bg7 5. Bg2 d6 6. e3 Nge7 7. Nge2 0-0 8. 0-0 Be6 9. Nd5 Qd7 10. Rb1 Nd8 11. b4 c6 12. Nxe7+ Qxe7 13. h3 d5 14. Qc2 Rc8 15. a4 f5 16. c5 Bf7 17. Bb2 Ne6 18. Rfe1 h5 19. f4 h4 20. Bxe5 Bxe5 21. fxe5 Qg5 22. Qc1 hxg3 23. d4 Qh4 24. Rf1 g5 25. Rxf5 Bg6 26. Rf6 Rxf6 27. exf6 g4 28. f7+ Kg7 29. hxg4 Qh2+ 30. Kf1 Rf8 31. Rb2 Rxf7+ 32. Nf4 Nxf4 33. exf4 Bd3+ 34. Ke1 Re7+ 35. Kd2 Qxg2+ 36. Kxd3 Qf3+ 37. Kc2 Re2+ 38. Kb1 Qd3+ 39. Ka2 g2 40. f5 Rxb2+ 41. Kxb2 Qxd4+ 42. Ka3 g1Q 43. Qg5+ Kf8 44. Qd8+ Kf7 45. Qd7+ Kf6 46. Qe6+ Kg5 47. Qg6+ Kf4 48. Qh6+ Kg3 49. Qd6+ Qf4 0-1

[Event "Zalakaros op 30th"]
[Site "Zalakaros"]
[Date "2011.05.21"]
[Round "2"]
[White "Boguszlavszkij, Jevgenyij"]
[Black "Vincze, Robert"]
[Result "1-0"]
[WhiteElo "2232"]
[BlackElo "2121"]
[PlyCount "63"]
[EventDate "2011.05.20"]
[EventType "swiss"]
[EventRounds "9"]
[EventCountry "HUN"]
[SourceTitle "CBM 142 Extra"]
[Source "ChessBase"]
[SourceDate "2011.06.27"]
[SourceVersion "1"]
[SourceVersionDate "2011.06.27"]
[SourceQuality "1"]

1. d4 Nf6 2. Nc3 d5 3. Bf4 c5 4. e4 Nxe4 5. Nb5 Na6 6. f3 Nf6 7. dxc5 Nh5 8. Qd2 Nxf4 9. Qxf4 e6 10. Qg3 Be7 11. Qxg7 Bh4+ 12. g3 Qf6 13. Nd6+ Ke7 14. Qxf7+ Qxf7 15. Nxf7 Kxf7 16. gxh4 Nxc5 17. 0-0-0 Nd7 18. Nh3 h6 19. Nf4 Ne5 20. Bh3 Ng6 21. Nxg6 Kxg6 22. Rhg1+ Kf7 23. f4 Bd7 24. f5 exf5 25. Rxd5 Be6 26. Rb5 b6 27. Bxf5 Bc4 28. Bg6+ Ke7 29. Re5+ Kd6 30. Re3 Rhg8 31. Rd1+ Kc5 32. Re5+ 1-0

[Event "Zalakaros op 29th"]
[Site "Zalakaros"]
[Date "2010.05.28"]
[Round "3"]
[White "Boronyak, Arpad"]
[Black "Vincze, Robert"]
[Result "1-0"]
[WhiteElo "2224"]
[BlackElo "2127"]
[PlyCount "100"]
[EventDate "2010.05.26"]
[EventType "swiss"]
[EventRounds "9"]
[EventCountry "HUN"]
[SourceTitle "CBM 136 Extra"]
[Source "ChessBase"]
[SourceDate "2010.07.02"]
[SourceVersion "2"]
[SourceVersionDate "2010.07.15"]
[SourceQuality "1"]

1. e4 c5 2. Nc3 a6 3. a4 e6 4. d3 d5 5. g3 d4 6. Nb1 h5 7. Nf3 Nc6 8. Bg2 e5 9. Nbd2 Be6 10. Nc4 f6 11. Nh4 Nge7 12. f4 Bxc4 13. dxc4 exf4 14. gxf4 Qd7 15. h3 0-0-0 16. 0-0 g6 17. Ra3 Bh6 18. Nf3 Qd6 19. e5 fxe5 20. fxe5 Nxe5 21. Nxe5 Qxe5 22. Bxh6 Rxh6 23. Qf3 Nc6 24. Rb3 Qc7 25. Qf6 Rh7 26. Qxg6 Rg7 27. Qf5+ Kb8 28. Kh1 Na5 29. Rbf3 Nxc4 30. Qf4 Ne3 31. Qxc7+ Kxc7 32. R1f2 Rdg8 33. Rf7+ Kb6 34. Be4 h4 35. c3 Nc4 36. R2f6+ Ka7 37. cxd4 cxd4 38. Bd5 d3 39. Rxg7 Rxg7 40. Bxc4 d2 41. Rd6 Rc7 42. Bb3 Re7 43. Rxd2 Re3 44. Bd5 Rxh3+ 45. Kg2 Rg3+ 46. Kf2 Rg4 47. b3 a5 48. Kf3 Rb4 49. Bc4 b5 50. axb5 a4 1-0

[Event "Balatonlelle op 27th"]
[Site "Balatonlelle"]
[Date "2009.06.13"]
[Round "1"]
[White "Vincze, Robert"]
[Black "Fodor, Tamas Jr"]
[Result "1/2-1/2"]
[WhiteElo "2178"]
[BlackElo "2411"]
[PlyCount "105"]
[EventDate "2009.06.13"]
[EventType "swiss"]
[EventRounds "9"]
[EventCountry "HUN"]
[SourceTitle "CBM 131 Extra"]
[Source "ChessBase"]
[SourceDate "2009.09.03"]
[SourceVersion "2"]
[SourceVersionDate "2009.09.16"]
[SourceQuality "1"]

1. e4 e5 2. Nf3 Nc6 3. Bb5 Nf6 4. 0-0 Nxe4 5. d4 Nd6 6. Bxc6 dxc6 7. dxe5 Nf5 8. Qxd8+ Kxd8 9. Bg5+ Ke8 10. c4 Be6 11. b3 a5 12. Re1 Bb4 13. Bd2 h6 14. Nc3 Rd8 15. Ne4 Bxd2 16. Nexd2 b6 17. Ne4 c5 18. Rad1 Ne7 19. h3 Nc6 20. Nc3 Rd7 21. Nb5 Kd8 22. Kf1 Re8 23. Rxd7+ Kxd7 24. Ke2 a4 25. Kd2 Ra8 26. Kc3 axb3 27. axb3 Kc8 28. Re2 Nb4 29. Ne1 Bf5 30. g4 Bd7 31. Nd3 Bxb5 32. cxb5 Nxd3 33. Kxd3 Kd7 34. f4 Ke7 35. f5 Rd8+ 36. Kc3 Rd4 37. e6 h5 38. exf7+ Kxf7 39. gxh5 Rh4 40. Re3 Rxh5 41. Rf3 Rh4 42. Rd3 Ke7 43. Rg3 Kf8 44. Rf3 Rh6 45. Kd3 Rd6+ 46. Ke4 Rd4+ 47. Ke5 Kf7 48. Rg3 Rb4 49. Kd5 Rxb5 50. Kc6 Rb4 51. Kxc7 Kf6 52. Rg6+ Kxf5 53. Rxb6 1/2-1/2

[Event "Balatonlelle op 26th"]
[Site "Balatonlelle"]
[Date "2008.06.16"]
[Round "3.11"]
[White "Vincze, Robert"]
[Black "Horvath, Gabor"]
[Result "1-0"]
[WhiteElo "2179"]
[BlackElo "2292"]
[PlyCount "55"]
[EventDate "2008.06.14"]
[EventType "swiss"]
[EventRounds "9"]
[EventCountry "HUN"]
[SourceTitle "CBM 125 Extra"]
[Source "ChessBase"]
[SourceDate "2008.09.01"]
[SourceVersion "1"]
[SourceVersionDate "2008.09.01"]
[SourceQuality "1"]

1. e4 c5 2. Nf3 Nc6 3. a3 e5 4. Bc4 d6 5. h3 Be6 6. Bxe6 fxe6 7. 0-0 Be7 8. c3 Nf6 9. Re1 0-0 10. b4 d5 11. exd5 Qxd5 12. b5 Na5 13. Rxe5 Qb3 14. Re1 Qxb5 15. Rxe6 Rae8 16. d4 Qc4 17. Re1 Bd6 18. Be3 Ne4 19. Nbd2 Nxd2 20. Qxd2 Qf7 21. dxc5 Bb8 22. Qd3 Rd8 23. Qb5 Qc7 24. Rad1 a6 25. Qb6 Nc4 26. Qb3 Qf7 27. Ng5 Rxd1 28. Rxd1 1-0

[Event "HUN-chT2 Szechenyi 0708"]
[Site "Hungary"]
[Date "2008.05.18"]
[Round "11"]
[White "Vincze, Robert"]
[Black "Soponyai, Andras"]
[Result "1/2-1/2"]
[WhiteElo "2187"]
[BlackElo "2114"]
[PlyCount "49"]
[EventDate "2007.10.14"]
[EventType "team"]
[EventRounds "11"]
[EventCountry "HUN"]
[SourceTitle "EXT 2009"]
[Source "ChessBase"]
[SourceDate "2008.11.26"]
[SourceVersion "1"]
[SourceVersionDate "2008.11.26"]
[SourceQuality "1"]
[WhiteTeam "Flesch"]
[BlackTeam "Haladas III"]
[WhiteTeamCountry "HUN"]
[BlackTeamCountry "HUN"]

1. e4 e6 2. d4 d5 3. Nc3 Bb4 4. e5 c5 5. a3 cxd4 6. axb4 dxc3 7. Nf3 Qc7 8. bxc3 Ne7 9. Bd3 Ng6 10. 0-0 Nd7 11. Re1 0-0 12. h4 Ndxe5 13. Nxe5 Nxe5 14. Bf4 f6 15. Qh5 g6 16. Bxe5 fxe5 17. Qxe5 Qxe5 18. Rxe5 Bd7 19. b5 Rfc8 20. h5 Kf7 21. hxg6+ hxg6 22. Ra4 Kf6 23. Re3 e5 24. c4 a6 25. cxd5 1/2-1/2

[Event "HUN-chT2 Szechenyi 0708"]
[Site "Hungary"]
[Date "2008.03.30"]
[Round "9"]
[White "Horvath, Imre2222"]
[Black "Vincze, Robert"]
[Result "0-1"]
[WhiteElo "1992"]
[BlackElo "2187"]
[PlyCount "54"]
[EventDate "2007.10.14"]
[EventType "team"]
[EventRounds "11"]
[EventCountry "HUN"]
[SourceTitle "EXT 2009"]
[Source "ChessBase"]
[SourceDate "2008.11.26"]
[SourceVersion "1"]
[SourceVersionDate "2008.11.26"]
[SourceQuality "1"]
[WhiteTeam "Keszthely"]
[BlackTeam "Flesch"]
[WhiteTeamCountry "HUN"]
[BlackTeamCountry "HUN"]

1. e4 c6 2. d4 d5 3. exd5 cxd5 4. Bd3 Nc6 5. c3 Nf6 6. Bg5 e6 7. Nd2 h6 8. Bh4 Bd7 9. Ngf3 Bd6 10. Qe2 Qb6 11. Rb1 0-0-0 12. Ne5 Bxe5 13. dxe5 g5 14. Bg3 Ng8 15. h4 Nge7 16. Qh5 Nf5 17. Bxf5 exf5 18. hxg5 hxg5 19. Qxh8 Rxh8 20. Rxh8+ Nd8 21. Kf1 f4 22. Bh2 Qg6 23. Re1 Qd3+ 24. Re2 Bb5 25. c4 dxc4 26. Rh3 Qc2 27. Ne4 Qd1+ 0-1

[Event "HUN-chT2 Szechenyi 0708"]
[Site "Hungary"]
[Date "2008.03.02"]
[Round "7"]
[White "Gadacsi, Miklos Jr"]
[Black "Vincze, Robert"]
[Result "1/2-1/2"]
[WhiteElo "2107"]
[BlackElo "2187"]
[PlyCount "42"]
[EventDate "2007.10.14"]
[EventType "team"]
[EventRounds "11"]
[EventCountry "HUN"]
[SourceTitle "EXT 2009"]
[Source "ChessBase"]
[SourceDate "2008.11.26"]
[SourceVersion "1"]
[SourceVersionDate "2008.11.26"]
[SourceQuality "1"]
[WhiteTeam "Tapolca Szeremley"]
[BlackTeam "Flesch"]
[WhiteTeamCountry "HUN"]
[BlackTeamCountry "HUN"]

1. e4 e5 2. Nf3 d6 3. d4 Nf6 4. Nc3 Nbd7 5. Bc4 exd4 6. Qxd4 Nb6 7. Bb3 Be7 8. Bg5 0-0 9. h3 Re8 10. 0-0 h6 11. Bh4 Nh7 12. Bxe7 Qxe7 13. Rfe1 Be6 14. Bxe6 Qxe6 15. a4 Nf6 16. a5 Nbd7 17. Nb5 Rec8 18. Nh4 a6 19. Nc3 Ne5 20. f4 Nc6 21. Qe3 Re8 1/2-1/2

[Event "HUN-chT2 Szechenyi 0607"]
[Site "Hungary"]
[Date "2007.03.04"]
[Round "6"]
[White "Kiss, Zoltan"]
[Black "Vincze, Robert"]
[Result "1/2-1/2"]
[WhiteElo "2218"]
[BlackElo "2125"]
[PlyCount "22"]
[EventDate "2006.11.12"]
[EventType "team"]
[EventRounds "11"]
[EventCountry "HUN"]
[SourceTitle "EXT 2008"]
[Source "ChessBase"]
[SourceDate "2007.11.25"]
[SourceVersion "1"]
[SourceVersionDate "2007.11.25"]
[SourceQuality "1"]
[WhiteTeam "Peti MTE"]
[BlackTeam "Flesch"]
[WhiteTeamCountry "HUN"]
[BlackTeamCountry "HUN"]

1. e4 c6 2. d4 g6 3. c4 Bg7 4. Nc3 d6 5. h3 Nd7 6. Nf3 c5 7. Be3 Qa5 8. Qd2 Ngf6 9. Bd3 cxd4 10. Nxd4 Nc5 11. 0-0 Nxd3 1/2-1/2

[Event "HUN-chT2 Szechenyi 0607"]
[Site "Hungary"]
[Date "2006.12.17"]
[Round "4"]
[White "Vincze, Robert"]
[Black "Gadacsi, Miklos Jr"]
[Result "1/2-1/2"]
[WhiteElo "2125"]
[BlackElo "2118"]
[PlyCount "111"]
[EventDate "2006.11.12"]
[EventType "team"]
[EventRounds "11"]
[EventCountry "HUN"]
[SourceTitle "EXT 2008"]
[Source "ChessBase"]
[SourceDate "2007.11.25"]
[SourceVersion "1"]
[SourceVersionDate "2007.11.25"]
[SourceQuality "1"]
[WhiteTeam "Flesch"]
[BlackTeam "Tapolca Varju"]
[WhiteTeamCountry "HUN"]
[BlackTeamCountry "HUN"]

1. Nf3 d5 2. d4 Nf6 3. c4 c6 4. Nc3 a6 5. e3 b5 6. cxb5 cxb5 7. Ne5 Bf5 8. g4 Bc8 9. Bg2 e6 10. 0-0 Bb7 11. f4 b4 12. Qa4+ Nbd7 13. g5 bxc3 14. gxf6 gxf6 15. Nxd7 Qxd7 16. Qxd7+ Kxd7 17. bxc3 Rc8 18. Bd2 Bd6 19. Rfb1 Bc6 20. Bf1 a5 21. a4 Rb8 22. Bb5 Rb7 23. Bxc6+ Kxc6 24. Rxb7 Kxb7 25. Rb1+ Ka6 26. Kf2 Rg8 27. Rg1 Rxg1 28. Kxg1 f5 29. Kg2 Be7 30. Be1 Bf6 31. Kh3 h6 32. Bh4 Bg7 33. Be7 Kb7 34. Kg3 Ka7 35. Kf3 Kb7 36. Ke2 Ka7 37. Kd3 Kb7 38. c4 Ka7 39. c5 Kb7 40. Ke2 Kc7 41. Kd3 Kb7 42. Bd8 Ka6 43. Ke2 Bf8 44. Kd3 Kb7 45. Bxa5 Be7 46. Be1 Bd8 47. Ke2 Ka6 48. Kd3 Kb7 49. Kc2 Ka6 50. Kb3 Bc7 51. Bb4 Bd8 52. Ka3 Bc7 53. Kb3 Bd8 54. Kc2 Kb7 55. Be1 Ka6 56. Kd2 1/2-1/2

[Event "HUN-chT2 Szechenyi 0607"]
[Site "Hungary"]
[Date "2006.12.03"]
[Round "3"]
[White "Vincze, Robert"]
[Black "Takacs, Balazs"]
[Result "0-1"]
[WhiteElo "2125"]
[BlackElo "2191"]
[PlyCount "142"]
[EventDate "2006.11.12"]
[EventType "team"]
[EventRounds "11"]
[EventCountry "HUN"]
[SourceTitle "EXT 2008"]
[Source "ChessBase"]
[SourceDate "2007.11.25"]
[SourceVersion "1"]
[SourceVersionDate "2007.11.25"]
[SourceQuality "1"]
[WhiteTeam "Flesch"]
[BlackTeam "Kertvaros"]
[WhiteTeamCountry "HUN"]
[BlackTeamCountry "HUN"]

1. d4 d5 2. c4 e6 3. Nf3 Nf6 4. Nc3 c6 5. e3 Bd6 6. Bd3 Nbd7 7. 0-0 dxc4 8. Bxc4 0-0 9. e4 e5 10. Re1 Qe7 11. Bb3 Bc7 12. h3 a6 13. Qe2 exd4 14. Nxd4 Ne5 15. f4 Ng6 16. Qf3 Rd8 17. Nde2 Bb6+ 18. Be3 Rd3 19. Ng3 Qc7 20. e5 Ne8 21. Qf2 Rxe3 22. Rxe3 Be6 23. Bxe6 fxe6 24. Qf3 Qf7 25. Nge2 Nxe5 26. fxe5 Qxf3 27. gxf3 Bxe3+ 28. Kg2 Rd8 29. Rd1 Rxd1 30. Nxd1 Bd2 31. Nf2 Kf7 32. Ne4 Be3 33. f4 h6 34. Kf3 Ba7 35. a4 b5 36. N2c3 Ke7 37. b3 Bd4 38. Ne2 Bb6 39. N4g3 Nc7 40. Ke4 g6 41. h4 h5 42. Nd4 Kd7 43. Nge2 Nd5 44. axb5 axb5 45. Kd3 Bd8 46. Nf3 c5 47. Ke4 Ba5 48. Kd3 Ne7 49. Ng3 Kc6 50. Ke4 Nf5 51. Ne2 Bd8 52. Ng5 Bxg5 53. fxg5 Nxh4 54. Nf4 Kd7 55. Nd3 c4 56. bxc4 bxc4 57. Nc5+ Ke7 58. Na4 Nf5 59. Kf4 Nd4 60. Nc3 Kd7 61. Ke4 Nf5 62. Ne2 Ke7 63. Kf4 Kf7 64. Nc3 Ne7 65. Ke4 Nd5 66. Ne2 c3 67. Kd3 h4 68. Ng1 Ke7 69. Nh3 Kd7 70. Nf2 Kc6 71. Ne4 h3 0-1

[Event "HUN-chT2 Szechenyi 0607"]
[Site "Hungary"]
[Date "2006.11.12"]
[Round "1"]
[White "Vincze, Robert"]
[Black "Paksa, Rudolf"]
[Result "1-0"]
[WhiteElo "2125"]
[BlackElo "2234"]
[PlyCount "72"]
[EventDate "2006.11.12"]
[EventType "team"]
[EventRounds "11"]
[EventCountry "HUN"]
[SourceTitle "EXT 2008"]
[Source "ChessBase"]
[SourceDate "2007.11.25"]
[SourceVersion "1"]
[SourceVersionDate "2007.11.25"]
[SourceQuality "1"]
[WhiteTeam "Flesch"]
[BlackTeam "Ajka Banyasz"]
[WhiteTeamCountry "HUN"]
[BlackTeamCountry "HUN"]

1. d4 Nf6 2. c4 e6 3. Nc3 Bb4 4. Qc2 c5 5. e3 0-0 6. Nf3 Nc6 7. Be2 d5 8. dxc5 Bxc5 9. a3 dxc4 10. Bxc4 a6 11. 0-0 Qe7 12. b4 Ba7 13. b5 axb5 14. Nxb5 Bc5 15. Bb2 e5 16. Rac1 b6 17. Be2 Bb7 18. Qf5 Rae8 19. Rfd1 h6 20. Bc4 Bc8 21. Qc2 Bg4 22. Be2 Rc8 23. h3 Bh5 24. Nh4 Bxe2 25. Qxe2 g6 26. Qc4 Kh7 27. Nf3 Rfe8 28. Qh4 Kg7 29. Rc2 Qe6 30. Rcd2 Qb3 31. Nd6 Bxd6 32. Rxd6 Re6 33. Bxe5 Nxe5 34. Nxe5 Rc5 35. Nd7 Nd5 36. Qd4+ Kh7 1-0

[Event "Balatonlelle op-B"]
[Site "Balatonlelle"]
[Date "2006.06.25"]
[Round "9.7"]
[White "Vincze, Robert"]
[Black "Munkacsy, Sandor"]
[Result "1-0"]
[WhiteElo "2133"]
[BlackElo "1855"]
[PlyCount "75"]
[EventDate "2006.06.17"]
[EventType "swiss"]
[EventRounds "9"]
[EventCountry "HUN"]
[SourceTitle "EXT 2007"]
[Source "ChessBase"]
[SourceDate "2006.11.23"]
[SourceVersion "1"]
[SourceVersionDate "2006.11.23"]
[SourceQuality "1"]

1. e4 c5 2. Nf3 e6 3. d4 cxd4 4. Nxd4 Nc6 5. c3 a6 6. Bd3 d6 7. 0-0 Nf6 8. Qe2 Qc7 9. Nb3 Ne5 10. Bc2 Bd7 11. Rd1 Bb5 12. Qe1 Be7 13. Nd4 Bd7 14. f3 0-0-0 15. b4 h6 16. Be3 Nc4 17. Bf2 d5 18. exd5 Nxd5 19. a4 Bd6 20. h3 Bf4 21. Bb3 Nb2 22. Rd2 Bxd2 23. Qxd2 Nc4 24. Qe2 Nd6 25. b5 a5 26. c4 Nf4 27. Qd2 Nf5 28. Nc3 b6 29. c5 Nxd4 30. Qxd4 bxc5 31. Qe4 Kb8 32. b6 Qd6 33. Rd1 Nd5 34. Nxd5 exd5 35. Rxd5 f5 36. Qc4 Qxb6 37. Bxc5 Qb7 38. Bd6+ 1-0

[Event "HUN-chT2 Szechenyi 0506"]
[Site "Hungary"]
[Date "2006.04.23"]
[Round "11"]
[White "Kaman, Laszlo"]
[Black "Vincze, Robert"]
[Result "0-1"]
[WhiteElo "2104"]
[BlackElo "2146"]
[PlyCount "104"]
[EventDate "2005.10.16"]
[EventType "team"]
[EventRounds "11"]
[EventCountry "HUN"]
[SourceTitle "EXT 2009"]
[Source "ChessBase"]
[SourceDate "2008.11.26"]
[SourceVersion "1"]
[SourceVersionDate "2008.11.26"]
[SourceQuality "1"]
[WhiteTeam "Lenti"]
[BlackTeam "Flesch"]
[WhiteTeamCountry "HUN"]
[BlackTeamCountry "HUN"]

1. d4 Nf6 2. Nf3 d5 3. Bf4 e6 4. e3 c5 5. c3 Qb6 6. Qb3 Qxb3 7. axb3 Nc6 8. Na3 Bd7 9. Nb5 Rc8 10. Bd3 a6 11. Nd6+ Bxd6 12. Bxd6 cxd4 13. exd4 Ne4 14. Bxe4 dxe4 15. Nd2 f5 16. Nc4 Ne7 17. Be5 Rc6 18. Nd6+ Rxd6 19. Bxd6 Bc6 20. Bxe7 Kxe7 21. Ke2 g5 22. h4 g4 23. Ke3 Kf6 24. Kf4 Rg8 25. g3 e3 26. Rhe1 exf2 27. Rf1 Re8 28. Ra5 Bb5 29. Rxf2 e5+ 30. Ke3 exd4+ 31. Kxd4 b6 32. Ra1 Rd8+ 33. Ke3 Rd3+ 34. Kf4 a5 35. Re1 Rd6 36. Re5 Bd7 37. Ree2 Bb5 38. c4 Bc6 39. Ke3 Be4 40. Rd2 Re6 41. Kd4 Bf3 42. Kc3 f4 43. gxf4 Kf5 44. b4 Re3+ 45. Rd3 axb4+ 46. Kd2 Rxd3+ 47. Kxd3 Kxf4 48. c5 bxc5 49. Kc4 g3 50. Rf1 g2 51. Rc1 Be2+ 52. Kxc5 Bf1 0-1

[Event "HUN-chT2 Szechenyi 0506"]
[Site "Hungary"]
[Date "2005.12.04"]
[Round "5"]
[White "Fendrik, Lajos"]
[Black "Vincze, Robert"]
[Result "1/2-1/2"]
[WhiteElo "2244"]
[BlackElo "2146"]
[PlyCount "38"]
[EventDate "2005.10.16"]
[EventType "team"]
[EventRounds "11"]
[EventCountry "HUN"]
[SourceTitle "EXT 2009"]
[Source "ChessBase"]
[SourceDate "2008.11.26"]
[SourceVersion "1"]
[SourceVersionDate "2008.11.26"]
[SourceQuality "1"]
[WhiteTeam "Zala Volan"]
[BlackTeam "Flesch"]
[WhiteTeamCountry "HUN"]
[BlackTeamCountry "HUN"]

1. c4 c5 2. g3 Nf6 3. Bg2 Nc6 4. Nc3 e6 5. Nf3 d5 6. cxd5 exd5 7. d4 Be6 8. 0-0 Be7 9. dxc5 Bxc5 10. Bg5 Be7 11. Nd4 0-0 12. Nxe6 fxe6 13. Bh3 Qd7 14. Qb3 Nd4 15. Qd1 Nc6 16. Qa4 h6 17. Bf4 Bc5 18. Rad1 Qf7 19. Nb5 e5 1/2-1/2

[Event "Balatonlelle op-B"]
[Site "Balatonlelle "]
[Date "2005.06.26"]
[Round "9"]
[White "Vincze, Robert"]
[Black "Ignacz, Rozsa"]
[Result "1/2-1/2"]
[WhiteElo "2168"]
[BlackElo "1877"]
[PlyCount "24"]
[EventDate "2005.06.18"]
[EventType "swiss"]
[EventRounds "9"]
[EventCountry "HUN"]
[SourceTitle "EXT 2008"]
[Source "ChessBase"]
[SourceDate "2007.11.25"]
[SourceVersion "1"]
[SourceVersionDate "2007.11.25"]
[SourceQuality "1"]

1. e4 c6 2. d4 d5 3. e5 Bf5 4. g4 Bd7 5. Bd3 e6 6. Ne2 c5 7. c3 Nc6 8. Be3 Qb6 9. Nd2 cxd4 10. cxd4 Qxb2 11. Rb1 Qa3 12. Rb3 Qxa2 1/2-1/2

[Event "Balatonlelle op-B"]
[Site "Balatonlelle "]
[Date "2005.06.25"]
[Round "8"]
[White "Bene, Zoltan"]
[Black "Vincze, Robert"]
[Result "1-0"]
[WhiteElo "2084"]
[BlackElo "2168"]
[PlyCount "89"]
[EventDate "2005.06.18"]
[EventType "swiss"]
[EventRounds "9"]
[EventCountry "HUN"]
[SourceTitle "EXT 2008"]
[Source "ChessBase"]
[SourceDate "2007.11.25"]
[SourceVersion "1"]
[SourceVersionDate "2007.11.25"]
[SourceQuality "1"]

1. d4 Nf6 2. c4 d5 3. Nc3 g6 4. Nf3 Bg7 5. Qb3 dxc4 6. Qxc4 0-0 7. e4 c6 8. Qb3 a5 9. Bg5 h6 10. Bxf6 exf6 11. a4 Qe7 12. Be2 Na6 13. 0-0 Nb4 14. Rfe1 Qc7 15. Rac1 Qb6 16. Bc4 Qc7 17. d5 Re8 18. d6 Qd7 19. Rcd1 Na6 20. Qc2 Nc5 21. e5 f5 22. Nb5 Ne6 23. Bxe6 Rxe6 24. Nc7 Rb8 25. Nxe6 fxe6 26. Nd4 Kf7 27. Qc5 Qd8 28. Nb3 Bd7 29. Qxa5 b6 30. Qc3 c5 31. Qc4 Qg5 32. f3 f4 33. a5 Bxe5 34. axb6 Rxb6 35. Qxc5 Rxb3 36. Rxe5 Qf6 37. Qc7 Qxe5 38. Qxd7+ Kf6 39. Qe7+ Kf5 40. d7 Re3 41. Qf7+ Kg5 42. d8Q+ Kh5 43. Qd2 Qg5 44. Kh1 e5 45. Qdd7 1-0

[Event "Balatonlelle op-B"]
[Site "Balatonlelle "]
[Date "2005.06.24"]
[Round "7"]
[White "Vincze, Robert"]
[Black "Bauer, Peter1111"]
[Result "1-0"]
[WhiteElo "2168"]
[BlackElo "2022"]
[PlyCount "51"]
[EventDate "2005.06.18"]
[EventType "swiss"]
[EventRounds "9"]
[EventCountry "HUN"]
[SourceTitle "EXT 2008"]
[Source "ChessBase"]
[SourceDate "2007.11.25"]
[SourceVersion "1"]
[SourceVersionDate "2007.11.25"]
[SourceQuality "1"]

1. d4 d5 2. c4 c6 3. Nf3 Nf6 4. Nc3 e6 5. e3 Nbd7 6. Bd3 Bd6 7. 0-0 0-0 8. Re1 Re8 9. e4 dxc4 10. Bxc4 e5 11. Qb3 Rf8 12. Bg5 exd4 13. e5 dxc3 14. exf6 Nxf6 15. Rad1 Qc7 16. Bxf6 gxf6 17. Qxc3 Kg7 18. Qd3 Bb4 19. Re3 Bc5 20. Nd4 Bd6 21. Nf5+ Bxf5 22. Qxf5 Rh8 23. Qh5 Be5 24. Qg4+ Kf8 25. Rd7 f5 26. Qxf5 1-0